000
00202 a2200097 4500
001
10163
100
_a
Hudson, G F
245
_a
Far Eastern affairs No 2
260
_a
_b
Chatto
_c
090
_c
7896
_d
7896
942
_a
NUST-CAE
_c
M
_c
34595
999
_c
245236
_d
245236